| 000 | 00877nam a2200229Ia 4500 | ||
|---|---|---|---|
| 003 | GCL | ||
| 008 | 140319s9999 xx 000 0 ara d | ||
| 020 | _a8485829977 | ||
| 040 |
_aGCL / _cGCL |
||
| 082 | 0 | 4 |
_a155.455 _bو س |
| 100 | 1 | _aوفيق صفوت مختار | |
| 245 | 1 | 0 |
_aسيكولوجية الاطفال الموهوبين : _bخصائصهم - مشكلاتهم - اساليب رعايتهم / _cوفيق صفوت مختار |
| 250 | _aالاولى | ||
| 260 |
_aالقاهرة : _bدار العلم والثقافة ، _c2005 |
||
| 300 |
_a280 ص ؛ _c24 سم |
||
| 650 | 0 | 4 | _aالاطفال - علم نفس |
| 650 | 0 | 4 | _aالاطفال كفنانين |
| 650 | 0 | 4 | _aالاطفال الموهوبون - علم نفس |
| 650 | 0 | 4 | _aالاطفال الموهوبون - رعاية |
| 650 | 0 | 4 | _aالاطفال الموهوبون - تغذية |
| 942 |
_2ddc _cBK |
||
| 999 |
_c8013 _d8013 |
||